000 00433nam a22001211 4500
082 _a951
_bWIL
100 1 _aWilson, Andrew,
_950307
245 1 5 _aThe "ever-victorious army,"
_ba history of the Chinese campaign under Lt.-Col. C.G. Gordon ... and of the suppression of the Tai-ping Rebellion.
260 _aEdinburgh,
_bW. Blackwood,
_c1868.
300 _a395 p.
_bmaps.
526 _a0
_b0
_c0
_d951_000000000000000_WIL
942 _2ddc
_cBK
999 _c553030
_d553030